Graphs on Surfaces
Saved in:
| Main Authors: | , |
|---|---|
| Format: | Book |
| Language: | English |
| Published: |
Baltimore :
The Johns Hopkins University Press,
2001
|
| Subjects: | |
| Tags: |
No Tags, Be the first to tag this record!
|
MARC
| LEADER | 00000nam a22000003a 4500 | ||
|---|---|---|---|
| 001 | stu179594 | ||
| 005 | 20150617230044.8 | ||
| 008 | 090210s2001----xxu-----------------eng-d | ||
| 020 | |a 0-8018-6689-8 | ||
| 040 | |a STU |b slo | ||
| 041 | 0 | |a eng | |
| 044 | |a xxu | ||
| 080 | |a 519.1 | ||
| 100 | 1 | |a Mohar, Bojan |4 aut | |
| 245 | 1 | |a Graphs on Surfaces | |
| 260 | |a Baltimore : |b The Johns Hopkins University Press, |c 2001 | ||
| 300 | |a 291 s | ||
| 650 | 7 | |a teória grafov |2 stusub | |
| 700 | 1 | |a Thomassen, Carsten |4 aut | |
| 996 | |b 284M069606 |c M*12444-1 |l MMKN |s A |a 24 |w stu179594_0001 | ||